Départements français de 5 lettres et moins - Statistiques

Statistiques générales
  • Ce quiz a été pris 94 fois
  • Le résultat moyen est 19 sur 26
Statistiques - réponses
HINT HINT ANSWER % Correct
Auvergne-Rhône-Alpes 3 Ain
96%
Provence-Alpes-Côte d'Azur 3 Var
83%
Ile-de-France 5 Paris
81%
Bourgogne-Franche-Comté 4 Jura
80%
Hauts-de-France 4 Nord
80%
Hauts-de-France 4 Oise
79%
Occitanie 3 Lot
77%
Auvergne-Rhône-Alpes 5 Rhône
77%
Occitanie 4 Tarn
75%
Normandie 4 Eure
74%
Auvergne-Rhône-Alpes 5 Drôme
73%
Auvergne-Rhône-Alpes 5 Loire
73%
Grand Est 5 Meuse
73%
Hauts-de-France 5 Aisne
71%
Bourgogne-Franche-Comté 5 Doubs
71%
Normandie 4 Orne
71%
Occitanie 4 Gers
70%
Grand Est 5 Marne
70%
Occitanie 4 Aude
69%
Occitanie 4 Gard
69%
Auvergne-Rhône-Alpes 5 Isère
69%
Centre-Val de Loire 4 Cher
68%
Hauts-de-France 5 Somme
68%
Grand Est 4 Aube
64%
Centre-Val de Loire 5 Indre
62%
Bourgogne-Franche-Comté 5 Yonne
57%
Aucun quiz correspondant
Distribution des résultats
% des personnes avec chaque résultat
Percentile par nombre de réponses
Votre historique - résultats
Vous n’avez pas pris ce quiz